000 00639nam a22001457a 4500
003 OSt
005 20150927160919.0
008 150927b xxu||||| |||| 00| 0 eng d
040 _cRUA
082 _aAGR CHO B008 1999 Or.1
100 _91446
_aCHOUN, PHEA.
245 _acoparing of ability of seed producing and growth between red tilapia and nile tilapia, ប្រៀបធៀបសមត្ថភាពផលិតកូននិងការលូតលាស់រវាងត្រីទីទាព្យាក្រហមនិងត្រីទីឡាព្យាឆ្នូត
300 _a64p.
_bill.
_c29cm.
942 _2ddc
_cAGR
999 _c1358
_d1358